| 000 | 00600nam a2200241 a 4500 | ||
|---|---|---|---|
| 001 | 0001-1013 | ||
| 003 | ELIB.Books | ||
| 008 | 141022 2010 eng | ||
| 020 | _a0801038189 | ||
| 035 | _a(ELIB.Books)0001-1167 | ||
| 092 |
_a100 _bGei |
||
| 100 | _aFeinberg, Paul D. | ||
| 245 | _aIntroduction to Philosophy: | ||
| 260 |
_aGrand Rapids _bBaker Book House _c1993 |
||
| 300 |
_a447 _c20.5 Cm |
||
| 500 | _aLibrary | ||
| 650 | _aPhilosophy | ||
| 856 |
_nKBTS; Library _uKBTS; Elib. |
||
| 942 |
_2ddc _cBK |
||
| 990 | _a3 | ||
| 998 |
_cbat _e2014-10-22 |
||
| 999 |
_c11013 _d11013 |
||